Sweden Solar System Quiz - Statistics

General Stats
  • This quiz has been taken 13 times
  • The average score is 8 of 16
Answer Stats
Picture Answer % Correct
Earth
91%
Mercury
82%
The Sun
82%
Venus
82%
Jupiter
73%
Neptune
73%
Uranus
73%
Mars
36%
Pluto
36%
Haumea
27%
Sedna
27%
Vesta
27%
Eris
18%
Makemake
18%
‘Oumuamua
9%
Termination Shock
9%
No matching quizzes found
Score Distribution
Percent of People with Each Score
Percentile by Number Answered
Your Score History
You have not taken this quiz